000 00262nam a2200097Ia 4500
001 800793
005 20250826171025.0
008 250824s9999 xx 000 0 und d
245 0 _aYeryüzü Bize MESCİT Kılındı
_cİsmail DEMİRBAŞ
260 _bKayalıpark Genç
999 _c800793
_d800793